Southville International School and Colleges
Your cart is empty.
  • Cart
  • Lists
    Public lists Eva Luna New books Lux_list list_1
    Your lists Log in to create your own lists
  • Log in to your account
  • Your cookies
  • Search history
Southville International School and Colleges
  • Advanced search
  • Recent comments
  • Most popular
  • Libraries

Log in to your account

Log in with GOOGLE


If you do not have an external account, but do have a local account, you can still log in:

  1. Home
  2. MARC view: Business discourse /
Normal view MARC view ISBD view

Business discourse / (Record no. 23526)

[ view plain ]
MARC details
000 -LEADER
fixed length control field 00586nam a2200205 a 4500
005 - DATE AND TIME OF LATEST TRANSACTION
control field 20140310183453.0
008 - FIXED-LENGTH DATA ELEMENTS--GENERAL INFORMATION
fixed length control field 090804s19uu xx 00 eng d
020 ## - INTERNATIONAL STANDARD BOOK NUMBER
International Standard Book Number 1403935750
050 ## - LIBRARY OF CONGRESS CALL NUMBER
Classification number HF 5718
Item number .B364 2007
100 ## - MAIN ENTRY--PERSONAL NAME
Personal name Bargiela-Chiappini, Francesca
245 ## - TITLE STATEMENT
Title Business discourse /
Statement of responsibility, etc Francesca Bargiela-Chiappini
260 ## - PUBLICATION, DISTRIBUTION, ETC. (IMPRINT)
Place of publication, distribution, etc England :
Name of publisher, distributor, etc Palgrave Macmillan,
Date of publication, distribution, etc 2007.
300 ## - PHYSICAL DESCRIPTION
Extent 282 p. :
Dimensions 23 cm.
521 ## - TARGET AUDIENCE NOTE
Target audience note
650 ## - SUBJECT ADDED ENTRY--TOPICAL TERM
Topical term or geographic name as entry element Business communication.
700 ## - ADDED ENTRY--PERSONAL NAME
Personal name Nickerson, Catherine
700 ## - ADDED ENTRY--PERSONAL NAME
Personal name Planken, Brigitte
942 ## - ADDED ENTRY ELEMENTS (KOHA)
Koha item type Books
Source of classification or shelving scheme Library of Congress Classification
Call number prefix Foreign
Holdings
Withdrawn status Lost status Source of classification or shelving scheme Damaged status Home library Current library Shelving location Date acquired Source of acquisition Total Checkouts Full call number Barcode Date last seen Copy number Price effective from Koha item type
    Library of Congress Classification   College Library College Library General Circulation Section 08/04/2009 Donation   HF 5718 .B364 2007 C10458 05/15/2018 1 10/18/2013 Books

Business discourse /

APA

Bargiela-Chiappini, Nickerson C. & Planken B. (2007). Business discourse. England: Palgrave Macmillan.

Chicago

Bargiela-Chiappini, Nickerson Catherine and Planken Brigitte. 2007. Business discourse. England: Palgrave Macmillan.

Harvard

Bargiela-Chiappini, Nickerson C. and Planken B. (2007). Business discourse. England: Palgrave Macmillan.

MLA

Bargiela-Chiappini, Nickerson Catherine and Planken Brigitte. Business discourse. England: Palgrave Macmillan. 2007.

  • Place hold
  • Print
  • Cite
  • Add to your cart (remove)
  • Save record
    BIBTEX Dublin Core MARCXML MARC (non-Unicode/MARC-8) MARC (Unicode/UTF-8) MARC (Unicode/UTF-8, Standard) MODS (XML) RIS
  • More searches
    Search for this title in:
    Other Libraries (WorldCat) Other Databases (Google Scholar) Online Stores (Bookfinder.com) Open Library (openlibrary.org)

Exporting to Dublin Core...

SOUTHVILLE LIBRARY

Southville International School and Colleges Library

1281 Tropical Ave. Cor. Luxembourg St., BF Homes International, Las Pinas City

Tel. No. 8256374 / 252358 Loc. 117/146

Powered by Koha